|
|
|
|
| LEADER |
00556cam a2200157 7i4500 |
| 001 |
0000007622 |
| 005 |
20000513090000.0 |
| 090 |
0 |
0 |
|a LESO 910.029496885
|b LES
|
| 245 |
0 |
0 |
|a 1999 Lesotho directory :
|b telephone, telefax, telex.
|
| 260 |
0 |
0 |
|a Maseru:
|b Lesotho Telecommunications Corporation,
|c 1999.
|
| 300 |
# |
# |
|a [v.p].
|
| 650 |
0 |
0 |
|a Telephone --
|x Directories --
|z Lesotho
|
| 650 |
0 |
0 |
|a Telefax --
|x Directories --
|z Lesotho
|
| 650 |
0 |
0 |
|a Telex --
|x Directories --
|z Lesotho
|
| 651 |
0 |
0 |
|a Lesotho
|
| 999 |
|
|
|a 0000011460
|b Directories
|c Countries
|e Business Information Centre
|